Language Quiz

Random Language or Letter Quiz

Halloween Mix-Up! Quiz Stats

 Plays Quiz Updated Oct 29, 2013

     
Support Sporcle.
Go Orange.
Score 0/131 Timer 13:00
2 Plays Today
Word % Correct
HA
97.9%
WE
95.7%
HALL
94%
LO
93.7%
AL
91.4%
HE
89.6%
NE
88.9%
HO
88.7%
LA
87%
OW
86.4%
LOW
86.1%
WO
84.8%
NO
84.5%
ALL
84.4%
WEE
82%
HALLOW
79.9%
EN
79.9%
AN
78.3%
WALL
78.1%
NA
77.4%
AW
77.3%
AH
77%
EL
76.1%
HALLO
75.9%
ON
75.6%
AE
71.7%
HELL
71%
NEW
70.7%
HOW
70.3%
OH
68.2%
LEA
67.3%
WEEN
67.1%
EH
67%
LAW
64.8%
LEE
63.9%
WELL
63.9%
ALE
63.7%
NOW
62.1%
WHO
61.3%
OE
60.9%
LEAN
60.4%
OWE
59.1%
WON
58.5%
HAW
58.5%
Word % Correct
NEE
58.5%
AWE
57.9%
ALLOW
57.5%
WAN
56.2%
WHEN
55.7%
HEN
55.6%
HOLE
55.3%
HON
55.1%
WHA
54.9%
HEW
53.9%
HELLO
52.6%
OWL
52.6%
WEN
52.5%
HALE
52.4%
EEL
51.4%
EWE
50.6%
HALO
49.9%
OWN
48.2%
LONE
48%
ELL
47.9%
WHEE
47.5%
AWL
47.1%
WOE
47%
WEAN
46.8%
HEAL
46.7%
HOE
46.6%
ANE
46.3%
HEEL
46.1%
WHEEL
45.6%
ONE
44.5%
HONE
44.4%
WHALE
44.4%
WHOLE
42.9%
LOAN
42.2%
LANE
42%
WANE
41.7%
NAW
40.6%
OLE
39.9%
LOWE
37.4%
WALE
37.4%
AWN
36.9%
LAWN
36.9%
HOWL
34.9%
NAH
33.5%
Word % Correct
WEAL
31.7%
HAE
31.3%
ALONE
28.6%
HAO
28%
WEEL
28%
ALOE
26.4%
EON
26.4%
NAE
25.6%
HEWN
25.1%
NOH
23.9%
WAE
22.6%
NOEL
21.9%
HOWE
21%
LOWN
20.8%
WHOA
18.8%
WHEAL
15.9%
ANEW
15.6%
WHEEN
14.5%
ALEE
12.5%
ALOW
12.1%
HELO
11.8%
HOLLA
11.4%
AWOL
10.7%
NEWEL
10.5%
LEAL
9.4%
ELAN
8.3%
AEON
8.1%
OLLA
7.6%
LENO
5.3%
HALON
4.8%
ANOLE
4.7%
ENOL
4.6%
ENOW
4.5%
HAEN
4.2%
ALLEE
4.1%
AWEE
3.9%
ENHALO
3.4%
OLEA
3.2%
ANELE
2.6%
HWAN
2.5%
LEONE
2.4%
LLANO
2.4%
HAOLE
2.3%
Remove Ads.
Support Sporcle.
Get the best of Sporcle when you Go Orange. This ad-free experience offers more features, more stats, and more fun while also helping to support Sporcle. Thank you for becoming a member.

Show Comments

Extras

Top Quizzes Today


Score Distribution

Your Account Isn't Verified!

In order to create a playlist on Sporcle, you need to verify the email address you used during registration. Go to your Sporcle Settings to finish the process.

Report this User

Report this user for behavior that violates our Community Guidelines.

Details: